LIBRARY & INFORMATION CENTRE, KCAET, TAVANUR

ONLINE PUBLIC ACCESS CATALOGUE (OPAC)

Structural Analysis (Record no. 14392)

MARC details
000 -LEADER
fixed length control field 00306nam a22001337a 4500
020 ## - INTERNATIONAL STANDARD BOOK NUMBER
ISBN 8175156368
082 ## - DEWEY DECIMAL CLASSIFICATION NUMBER
Classification number 624.171
Item number PRA/ST
100 ## - MAIN ENTRY--AUTHOR NAME
Personal name Prasad,V.S
245 ## - TITLE STATEMENT
Title Structural Analysis
250 ## - EDITION STATEMENT
Edition statement 3 rd
260 ## - PUBLICATION, DISTRIBUTION, ETC. (IMPRINT)
Place of publication New Delhi
Name of publisher Galgotia Publications Pvt.Ltd
Year of publication 2011
300 ## - PHYSICAL DESCRIPTION
Number of Pages 546
942 ## - ADDED ENTRY ELEMENTS (KOHA)
Koha item type Books
Holdings
Withdrawn status Lost status Damaged status Collection code Home library Current library Shelving location Date acquired Source of acquisition Cost, normal purchase price Full call number Accession Number Koha item type
        KAUAET KAUAET General Stacks 30/03/2013 Aman Book Stall, Calicut 280.00 624.171 PRA/ST 24128 Books
free website counter